000
00230nam a2200097 4500
245
_a
Three plays
_c
Nissim Ezekiel
100
_a
Ezekiel, Nissim
260
_a
Calcutta
_b
P. Lal
_c
c1969
300
_a
95p.; 22cm.
082
_a
In
_b
822.3 EZE
999
_c
1797
_d
1797